书目信息 |
| 题名: |
高光谱图像混合像元非线性分解技术
|
|
| 作者: | 唐晓燕 著 | |
| 分册: | ||
| 出版信息: | 成都 电子科技大学出版社 2019 |
|
| 页数: | 216页 | |
| 开本: | 24cm | |
| 丛书名: | ||
| 单 册: | ||
| 中图分类: | TP75 | |
| 科图分类: | ||
| 主题词: | 光谱--Guang Pu--图象处理--谱分析 (数学)--研究 | |
| 电子资源: | ||
| ISBN: | 978-7-5647-5949-0 | |
| 000 | 00881nam0 2200253 450 | |
| 001 | 012001001836 | |
| 005 | 20140109100629.0 | |
| 010 | @a978-7-5647-5949-0@dCNY58.00 | |
| 099 | @aCAL 012019066166 | |
| 100 | @a20190521d2019 ekmy0chiy50 ea | |
| 101 | 0 | @achi |
| 102 | @aCN@b510000 | |
| 105 | @aak a 000yy | |
| 106 | @ar | |
| 200 | 1 | @a高光谱图像混合像元非线性分解技术@AGao Guang Pu Tu Xiang Hun He Xiang Yuan Fei Xian Xing Fen Jie Ji Shu@f唐晓燕著 |
| 210 | @a成都@c电子科技大学出版社@d2019 | |
| 215 | @a216页@c图@d24cm | |
| 320 | @a有书目 | |
| 330 | @a本书内容包括:高光谱图像遥感基本理论及主要处理技术、高光谱非线性光谱分解的研究基础、基于流形学习的非线性降维算法的研究等。 | |
| 606 | 0 | @a光谱@AGuang Pu@x图象处理@x谱分析 (数学)@x研究 |
| 690 | @aTP75@v4 | |
| 701 | 0 | @a唐晓燕@ATang Xiao Yan@4著 |
| 801 | 0 | @aCN@b北京卓展@c20191020 |
| 905 | @b1202664-7@dTP75@e60@f4 | |
| 高光谱图像混合像元非线性分解技术/唐晓燕著.-成都:电子科技大学出版社,2019 |
| 216页:图;24cm |
| ISBN 978-7-5647-5949-0:CNY58.00 |
| 本书内容包括:高光谱图像遥感基本理论及主要处理技术、高光谱非线性光谱分解的研究基础、基于流形学习的非线性降维算法的研究等。 |
| ● |
| 相关链接 |
|
|
|
|
正题名:高光谱图像混合像元非线性分解技术
索取号:TP75/60
 
预约/预借
| 序号 | 登录号 | 条形码 | 馆藏地/架位号 | 状态 | 备注 |
| 1 | 1202664 | 212026644 | 第二样本阅览室/ [索取号:TP75/60] | 在馆 | |
| 2 | 1202665 | 212026653 | 第三借阅区/ [索取号:TP75/60] | 在馆 | |
| 3 | 1202666 | 212026662 | 第三借阅区/ [索取号:TP75/60] | 在馆 | |
| 4 | 1202667 | 212026671 | 第三借阅区/ [索取号:TP75/60] | 在馆 |